000 00681nam a2200241Ia 4500
005 20260121112542.0
008 6915 260114s9999 xx 000 0 eng d
020 _a9789814273817
037 _aEBOOK
040 _aCRL
_beng
_cCRL
041 _aeng
_2eng
084 _qCRL
100 _aBrochard-Wyart Francoise Et Al
_9959453
245 0 _aP.G. De Gennes' Impact on Science - Volume I: Solid State and Liquid Crystals
260 _bWorld Scientific
260 _bWSPC
260 _c2009
650 _aPhysics
_9959454
856 _uhttps://www.worldscientific.com/worldscibooks/10.1142/7317#t=toc
942 _cEBOOK
999 _c1544215
_d1544215